000 00901nam a22002651u 4500
001 05831
003 HDC
007 cr bn ---
008 210121p xx fo d 00 engg
040 _aHDC
100 _aDzulkifly Mat Hashim
_9130
245 0 _aChemical Status:
_bPharmaceutical Ingredients /
_cby Dzulkifly Mat Hashim
260 _a[No place] :
_b[publisher not identified],
_c2011
300 _a31 pages :
_bIllustrations
336 _atext
_2rdacontent
337 _acomputer
_2rdamedia
338 _aonline resource
_2rdacarrier
650 _aHalal industry
_9144
650 _aHalal pharmaceutical
_94162
650 _aHalal principles
_94625
856 _zRequest full-text at [email protected]
942 _2lcc
942 _cSLIDE
942 _kSLID 000630
999 _c3155
_d3155